[Event "35th World Open"]
[Site "King of Prussia USA"]
[Date "2007.06.01"]
[Round "4"]
[White "Zenyuk,I"]
[Black "Rogers,N"]
[Result "1/2-1/2"]
[WhiteElo "2177"]
[BlackElo "2244"]

1.d4 Nf6 2.Nf3 g6 3.c4 Bg7 4.Nc3 O-O 5.e4 d6 6.Be2 Nbd7 7.O-O e5 8.Be3 c6
9.d5 c5 10.Ne1 Ne8 11.a3 f5 12.exf5 gxf5 13.f4 Kh8 14.Kh1 b6 15.Rc1 Nef6
16.Nd3 e4 17.Nf2 Rg8 18.g4 fxg4 19.Ncxe4 Nxe4 20.Nxe4 Qe7 21.Ng5 Bxb2 22.Qc2 Bf6
23.Ne6 Bb7 24.Qe4 Rae8 25.f5 Ne5 26.Rg1 b5 27.cxb5 Qf7 28.Bf4 h5 29.Bc4 Qh7
30.Bxe5 Bxe5 31.Rce1 Qh6 32.Rg2 Bc3 33.Rf1 Qf6 34.Qd3 Be5 35.Qe4 Re7 36.a4 Bc3
37.Qf4 Be5 38.Qe4 Bc3 39.Qf4 Rd7 40.Qe4 Re8 41.Qf4 Rg8 42.Qe4 Be5 43.a5 Re7
44.a6 Ba8 45.Rb1 Rf7 46.Rf1 Re7 47.Rb1 Rb8 48.Rf1 Rbe8 49.Rb1 Rf7 50.b6 axb6
51.Rxb6 Qh6 52.Nxc5 Qc1+ 53.Rg1 Qd2 54.Rg2 Qd1+ 55.Rg1 Qd4 56.Rxd6 Qxe4+
57.Nxe4 Rxf5 58.Rd7 Rf4 59.Bd3 Rf3 60.Ng5 Rxd3 61.Nf7+ Kg8 62.Nh6+ Kh8 63.Nf7+ Kg8
64.Nh6+ Kh8 65.Nf7+ Kg8  1/2-1/2

[Event "1st Alushta Summer"]
[Site "Alushta UKR"]
[Date "2007.06.02"]
[Round "1"]
[White "Shishkin,Va UKR"]
[Black "Annaberdiev,M"]
[Result "1/2-1/2"]
[WhiteElo "2515"]
[BlackElo "2447"]

1.d4 Nf6 2.c4 g6 3.Nc3 Bg7 4.e4 d6 5.Be2 O-O 6.Nf3 e5 7.Be3 Na6 8.O-O Ng4
9.Bg5 Qe8 10.dxe5 dxe5 11.c5 f6 12.Bxa6 bxa6 13.Bd2 Rb8 14.Qc2 f5 15.Rfe1 f4
16.Rad1  1/2-1/2

[Event "8th United Insurance"]
[Site "Dhaka BAN"]
[Date "2007.06.02"]
[Round "8"]
[White "Lalith,B"]
[Black "Hossain,Mon"]
[Result "1-0"]
[WhiteElo "2320"]
[BlackElo "2208"]

1.Nf3 Nf6 2.c4 g6 3.Nc3 Bg7 4.e4 d6 5.d4 O-O 6.Be2 Na6 7.O-O e5 8.Be3 Ng4
9.Bg5 f6 10.Bh4 Qe8 11.c5 exd4 12.Nxd4 dxc5 13.Nb3 f5 14.exf5 gxf5 15.h3 Nf6
16.Bxa6 bxa6 17.Nxc5 Qf7 18.Qb3 Qxb3 19.Nxb3 Rb8 20.Rac1 Be6 21.Nc5 Bc8 22.b3 a5
23.Rfe1 Kf7 24.Bxf6 Bxf6 25.Nd5 Bd8 26.Nd3 Rb7 27.Ne5+ Kg7 28.Nc6 Bg5 29.Rc4 Rf7
30.h4 Bf6 31.Nxf6 Rxf6 32.Nxa5 Rb5 33.Rxc7+ Kg6 34.Nc6 Be6 35.Nd4 Rb6 36.Nxe6 Rfxe6  1-0

[Event "35th World Open"]
[Site "King of Prussia USA"]
[Date "2007.06.02"]
[Round "5"]
[White "Sandipan,C"]
[Black "Arakhamia,K"]
[Result "1-0"]
[WhiteElo "2552"]
[BlackElo "2435"]

1.d4 Nf6 2.c4 g6 3.Nc3 Bg7 4.e4 d6 5.Nf3 O-O 6.Be2 Na6 7.O-O e5 8.Be3 Ng4
9.Bg5 Qe8 10.dxe5 dxe5 11.h3 h6 12.Bd2 Nf6 13.Be3 Qe7 14.Qc1 Kh7 15.Nd5 Qd8
16.Rd1 Nxe4 17.c5 c6 18.Nb6 Qe7 19.Nxa8 Be6 20.Bxa6 bxa6 21.Nb6 axb6 22.cxb6 Bd5
23.Nd2 Nxd2 24.Rxd2 Qb7 25.Rxd5 cxd5 26.Qc7 Rb8 27.Bc5 e4 28.Bd6 Qxc7 29.bxc7 Rc8
30.Rc1 d4 31.Rc4 d3 32.Kf1 Bf6 33.Rxe4 Bxb2 34.Rb4 d2 35.Ke2 Re8+ 36.Kxd2 Ba3
37.Rb8 Bxd6 38.Rxe8 Bxc7 39.Re7 Ba5+ 40.Ke2 Bc3 41.Rxf7+ Kg8 42.Ra7 a5 43.Kd3  1-0

[Event "zt 2.3"]
[Site "Santo Domingo DOM"]
[Date "2007.06.02"]
[Round "6"]
[White "Gonzalez Zamora,J"]
[Black "Valdes,Le"]
[Result "1-0"]
[WhiteElo "2537"]
[BlackElo "2401"]

1.c4 Nf6 2.Nc3 g6 3.e4 d6 4.d4 Bg7 5.Nf3 O-O 6.Be2 e5 7.O-O exd4 8.Nxd4 Re8
9.f3 Nc6 10.Be3 Nh5 11.Qd2 f5 12.Nxc6 bxc6 13.Rad1 f4 14.Bf2 Be5 15.c5 Be6
16.Bd4 Qe7 17.cxd6 cxd6 18.Bxe5 dxe5 19.Qd6 Qb7 20.Rf2 Bf7 21.Qc5 Rad8 22.Rxd8 Rxd8
23.b3 Qb6 24.Na4 Qc7 25.Nb2 Nf6 26.Bc4 Qb6 27.Bxf7+ Kxf7 28.Rc2 Rd6 29.Kf1 Qxc5
30.Rxc5 Rd2 31.Nc4 Rxa2 32.Nxe5+ Ke6 33.Nd3 Ra1+ 34.Ke2 Ra2+ 35.Kd1 Kd7 36.Nxf4 Ne8
37.Rc2 Ra3 38.Nd3 Nc7 39.Ne5+ Ke8 40.Nxc6 Nb5 41.b4 Ra1+ 42.Ke2 Rb1 43.Kf2 Kd7
44.h4 Na3 45.Rc5 Rb2+ 46.Kg3 Nc2 47.Ne5+ Ke6 48.Nd3 Ra2 49.h5 Ne3 50.Nf4+ Kf7
51.hxg6+ hxg6 52.Rc7+ Ke8 53.e5 Ra6 54.b5 Ra5 55.Kf2  1-0

[Event "8th United Insurance"]
[Site "Dhaka BAN"]
[Date "2007.06.03"]
[Round "9"]
[White "Chatterjee,D"]
[Black "Hossain,Mon"]
[Result "1/2-1/2"]
[WhiteElo "2205"]
[BlackElo "2208"]

1.d4 Nf6 2.c4 g6 3.Nc3 Bg7 4.e4 d6 5.Nf3 O-O 6.Be2 e5 7.O-O Nbd7 8.Re1 c6
9.Rb1 exd4 10.Nxd4 Nc5 11.f3 a5 12.Bf1 Re8 13.Be3 Nfd7 14.Qd2 Ne5 15.Rbd1 Qe7
16.b3 Qf8 17.Nde2 Ned3 18.Bxc5 Nxc5 19.Qxd6 Qxd6 20.Rxd6 f5 21.Red1 fxe4
22.Nxe4 Nxe4 23.fxe4 Bg4 24.h3 Bxe2 25.Bxe2 Rxe4 26.Rd8+ Rxd8 27.Rxd8+ Kf7
28.Kf1 Re8 29.Rd3 Bf6 30.Rd7+ Re7 31.Rxe7+ Bxe7 32.Bf3 Ke6 33.Ke2 Ke5 34.Kd3 h5
35.Kc3 Ba3 36.Kd3 Bb4 37.Bd1 Ba3 38.Bf3 Bb4 39.Be4 g5 40.Bg6 h4 41.Be4 Bc5
42.Bf3 Kf4 43.Bg4 Bg1 44.Bf3 Bc5 45.Bg4  1/2-1/2

[Event "Doroshkevich Mem"]
[Site "Belorechensk RUS"]
[Date "2007.06.04"]
[Round "7"]
[White "Karagodin,V"]
[Black "Shvyriaev,A"]
[Result "1/2-1/2"]
[WhiteElo "2273"]
[BlackElo "2190"]

1.c4 Nf6 2.Nf3 g6 3.Nc3 Bg7 4.e4 d6 5.d4 O-O 6.Be2 e5 7.O-O Nbd7 8.dxe5 dxe5
9.Bg5 c6 10.Qc1 Qe7 11.Rd1 Re8 12.Bh6 Bh8 13.h3 Nc5 14.Qe3 Nh5 15.Bf1 Ne6
16.Ne2 Nhf4 17.Nxf4 Nxf4 18.Bg5 Qf8 19.Nxe5 Nxh3+ 20.gxh3 Bxe5 21.Rd2 Bg7
22.Qf3 f5 23.exf5 Bxf5 24.Rad1 Re5 25.Bf4 Be6 26.Qg3 Rf5 27.Re1 Re8 28.Re4 Bc8
29.Bd6 Qf7 30.Qe3 Rxe4 31.Qxe4 Qe6 32.Qxe6+ Bxe6 33.Bg3 Bf6 34.b3 Kf7 35.Be2 Bg5
36.Rc2 Bf4 37.Bg4 Bxg3 38.fxg3 Re5 39.Bxe6+ Kxe6 40.Kf2 Kf5  1/2-1/2

[Event "Doroshkevich Mem"]
[Site "Belorechensk RUS"]
[Date "2007.06.04"]
[Round "7"]
[White "Kryakvin,D"]
[Black "Kondenko,A"]
[Result "1-0"]
[WhiteElo "2539"]
[BlackElo "2283"]

1.d4 Nf6 2.c4 g6 3.Nc3 Bg7 4.e4 d6 5.Nf3 O-O 6.Be2 Nbd7 7.O-O e5 8.d5 h6
9.Qc2 a5 10.a3 Nh5 11.g3 Nc5 12.Be3 Bh3 13.Rfe1 f5 14.exf5 Bxf5 15.Qd1 Qd7
16.Nh4 Nf6 17.f3 Qf7 18.Rc1 Bh3 19.Bf1 Bxf1 20.Rxf1 Nh5 21.Bxc5 dxc5 22.Ne4 Bf6
23.Ng2 Be7 24.Qd2 Qg7 25.Qc3 Bd6 26.Ne3 Nf6 27.Nxf6+ Rxf6 28.Ng4 Rf5 29.Nf2 Raf8
30.Ne4 Qf7 31.Kg2 b6 32.Rce1 Kh7 33.Re3 g5 34.h3 Qg6 35.Qd3  1-0

[Event "35th World Open"]
[Site "King of Prussia USA"]
[Date "2007.06.04"]
[Round "9"]
[White "Bonin,J"]
[Black "Melekhina,A"]
[Result "1/2-1/2"]
[WhiteElo "2352"]
[BlackElo "2104"]

1.d4 Nf6 2.Nf3 g6 3.c4 Bg7 4.Nc3 O-O 5.e4 d6 6.Be2 e5 7.dxe5 dxe5 8.Qxd8 Rxd8
9.Bg5 Re8 10.Nd5 Nxd5 11.cxd5 c6 12.Bc4 cxd5 13.Bxd5 Nd7 14.Rc1 Nf6 15.Bxf6 Bxf6
16.Rc7 Be6 17.Bxe6 Rxe6 18.Rxb7 Rb6 19.Rxb6 axb6 20.a3 Ra4 21.Nd2 Bg5 22.Ke2 Bxd2
23.Kxd2 Rxe4 24.Re1 Rd4+ 25.Kc3 f6 26.b4 Kf7 27.a4 Ke6 28.Ra1 Kd6 29.a5 bxa5
30.bxa5 Kc7 31.a6 Kb8 32.Rb1+ Ka7 33.Rb7+ Kxa6 34.Rxh7 Rd6 35.h4 Kb6 36.Rg7 f5
37.Rf7 Rd4 38.g3 Rg4 39.Kd3 Kc6 40.Rf6+ Kd7 41.h5 Ke7 42.Rxg6 Rxg6 43.hxg6 Kf6
44.Kc4 Kxg6 45.Kd5 e4  1/2-1/2

[Event "TCh-BIH"]
[Site "Vogosca BIH"]
[Date "2007.06.04"]
[Round "3"]
[White "Milanovic,Da"]
[Black "Ljubicic,F"]
[Result "1/2-1/2"]
[WhiteElo "2493"]
[BlackElo "2396"]

1.d4 Nf6 2.c4 g6 3.Nc3 Bg7 4.e4 d6 5.Be2 O-O 6.Nf3 e5 7.Be3 exd4 8.Nxd4 Re8
9.f3 c6 10.Qd2 d5 11.exd5 cxd5 12.O-O Nc6 13.Nxc6 bxc6 14.Rad1 Ba6 15.cxd5 Bxe2
16.Qxe2 Nxd5 17.Nxd5 cxd5 18.Qf2 Bxb2 19.Bxa7 Qa5 20.Qxb2 Qxa7+ 21.Qd4 Qxd4+
22.Rxd4 Rxa2 23.Rxd5 Ree2 24.Rg5 h6 25.Rg3 h5 26.h4 Kg7 27.Kh2 Red2 28.Rg5 Ra4
29.Kg3 Rdd4 30.f4 Rd2 31.Rf3 Raa2 32.Kh2 Rf2 33.Rxf2 Rxf2 34.Kg3  1/2-1/2

[Event "1st Alushta Summer"]
[Site "Alushta UKR"]
[Date "2007.06.05"]
[Round "5"]
[White "Malaniuk,V"]
[Black "Annaberdiev,M"]
[Result "1-0"]
[WhiteElo "2529"]
[BlackElo "2447"]

1.d4 Nf6 2.Nf3 g6 3.c4 Bg7 4.Nc3 O-O 5.e4 d6 6.Be2 e5 7.Be3 Na6 8.O-O c6
9.d5 cxd5 10.cxd5 Nc5 11.Nd2 a5 12.a3 Bd7 13.b4 Na6 14.Nc4 axb4 15.axb4 Rc8
16.b5 Nb8 17.Qb3 Qe7 18.Ra7 Be8 19.Na5 Rxc3 20.Qxc3 Nxe4 21.Qc4 f5 22.Nc6 Nxc6
23.bxc6  1-0

[Event "29th Mem Nezhmetdinov"]
[Site "Kazan RUS"]
[Date "2007.06.05"]
[Round "5"]
[White "Rychagov,A"]
[Black "Gabdrakhmanov,R"]
[Result "1-0"]
[WhiteElo "2571"]
[BlackElo "2392"]

1.d4 Nf6 2.c4 g6 3.Nc3 Bg7 4.e4 d6 5.Nf3 O-O 6.Be2 e5 7.O-O Nbd7 8.Be3 Re8
9.d5 Ng4 10.Bg5 f6 11.Bh4 h5 12.Ne1 Nh6 13.f3 Nf7 14.Nd3 Bh6 15.Bf2 f5 16.exf5 gxf5
17.f4 e4 18.Bxh5 Nf6 19.Nc1 Nxh5 20.Qxh5 Bxf4 21.N1e2 Bh6 22.Bh4 Bg5 23.Qg6+ Kf8
24.Bxg5 Qxg5 25.Qxg5 Nxg5 26.Ng3 Re5 27.Nb5 Bd7 28.Nd4 Kg7 29.Ngxf5+ Kg6
30.Ne3 c5 31.Ne2 b5 32.Nc3 a6 33.Rf4 Rae8 34.Raf1 Nh7 35.Rf7 R8e7 36.Rxe7 Rxe7
37.Rf4 Nf6 38.h4 Re8 39.g4 b4 40.Ne2 a5 41.Ng3 a4 42.g5 Nh5 43.Nxh5 Kxh5
44.Kg2 Re7 45.Kg3  1-0

[Event "29th Mem Nezhmetdinov"]
[Site "Kazan RUS"]
[Date "2007.06.05"]
[Round "5"]
[White "Ayupov,D"]
[Black "Shakirov,R"]
[Result "1/2-1/2"]
[WhiteElo "2388"]
[BlackElo "2188"]

1.d4 Nf6 2.c4 g6 3.Nc3 Bg7 4.e4 d6 5.Be2 O-O 6.Nf3 Nbd7 7.O-O e5 8.Re1 exd4
9.Nxd4 Nc5 10.f3 h6 11.Be3 a6 12.Qd2 Kh7 13.Rad1 Qe7 14.Bf1 Bd7 15.Nc2 b6
16.Nb4 Rfe8 17.Bd4 Qf8 18.Nbd5 Nxd5 19.Nxd5 Ne6 20.Nf6+ Bxf6 21.Bxf6 Bc6
22.Bd3 Nc5 23.Bc2 Re6 24.Bd4 Rae8 25.Re3 a5 26.Rde1 Nd7 27.b3 Ne5 28.Bc3 h5
29.h3 Qh6 30.Bd4 g5 31.R3e2 h4 32.Be3 Rg6 33.Rf2 Reg8 34.Ref1 Qg7 35.Qe2 Kh8
36.f4 gxf4 37.Bxf4 Qh7 38.Kh1 f6 39.Bh2 Qh6 40.Rg1 Qh7 41.Qf1 Qh6 42.Rf4 R8g7
43.Qf2 Qh7 44.Rd1  1/2-1/2

[Event "ch-URU"]
[Site "Montevideo URU"]
[Date "2007.06.05"]
[Round "6"]
[White "Curi,G"]
[Black "Roselli Mailhe,B"]
[Result "0-1"]
[WhiteElo "2278"]
[BlackElo "2419"]

1.d4 Nf6 2.c4 g6 3.Nc3 Bg7 4.e4 d6 5.Be2 O-O 6.Nf3 e5 7.d5 Nh5 8.O-O Nf4
9.b4 a5 10.Ba3 axb4 11.Bxb4 Na6 12.Ba3 f5 13.g3 Nxe2+ 14.Qxe2 f4 15.gxf4 Bg4
16.Bc1 exf4 17.Bd2 Nc5 18.Kh1 Ra3 19.Rg1 Bh5 20.Rac1 Be5 21.Rc2 Kh8 22.h3 Qf6
23.Rgc1 g5 24.Kg1 Qg7 25.Kf1 Bf6 26.Ke1 Re8  0-1

[Event "ch-URU"]
[Site "Montevideo URU"]
[Date "2007.06.05"]
[Round "6"]
[White "Bauza,A"]
[Black "Izquierdo,D"]
[Result "1/2-1/2"]
[WhiteElo "2220"]
[BlackElo "2338"]

1.Nf3 Nf6 2.c4 g6 3.Nc3 Bg7 4.e4 d6 5.d4 O-O 6.Be2 e5 7.dxe5 dxe5 8.Qxd8 Rxd8
9.Bg5 c6 10.Nxe5 Na6 11.Nd3 h6 12.Bxf6 Bxf6 13.e5 Bg7 14.Ne4 Bf5 15.f3 Bxe4
16.fxe4 Rd4 17.e6 fxe6 18.O-O Rxe4 19.Rae1 Rd8 20.Rf3 Nc5 21.Nxc5 Bd4+ 22.Kf1 Bxc5
23.Bd3 Rxe1+ 24.Kxe1 Kg7 25.Ke2 g5 26.h3 h5 27.Rg3 Be7 28.Re3 Kf6 29.Rf3+ Ke5
30.Bg6 h4 31.Rd3 Rd4 32.Re3+ Kf6 33.Bd3 Bc5 34.Rf3+ Ke7 35.Re3 Kf6 36.Rf3+ Kg7
37.Re3 Kf6 38.Rf3+ Ke7 39.Re3 Bd6 40.Bf5 e5 41.Re4 Kf6 42.Rxd4 exd4 43.Bd3 b5
44.cxb5 cxb5 45.b4 Bxb4  1/2-1/2

[Event "Baden Challenge III"]
[Site "Neuhausen GER"]
[Date "2007.06.05"]
[Round "2"]
[White "Kuzubov,Y"]
[Black "Mutschnik,I"]
[Result "1/2-1/2"]
[WhiteElo "2545"]
[BlackElo "2445"]

1.d4 Nf6 2.c4 g6 3.Nc3 Bg7 4.e4 d6 5.Be2 O-O 6.Nf3 e5 7.Be3 Ng4 8.Bg5 f6
9.Bh4 Nc6 10.d5 Ne7 11.O-O Nh6 12.Rc1 g5 13.Bg3 Ng6 14.Re1 f5 15.exf5 Nxf5
16.Nd2 Nf4 17.Bf1 Nd4 18.Nde4 Bf5 19.Nb5 Nxb5 20.cxb5 g4 21.Rc4 Rf7 22.Nc3 Qg5
23.Qa4 h5 24.b6 cxb6 25.Nb5 Bd7 26.Qb3 Bxb5 27.Qxb5 Raf8 28.Qb3 h4 29.Bxf4 Rxf4
30.Qe3 Bh6 31.g3 hxg3 32.hxg3 Rxc4  1/2-1/2

[Event "ch-Skopje"]
[Site "Skopje MKD"]
[Date "2007.06.05"]
[Round "7"]
[White "Andonovski,L"]
[Black "Dancevski,O"]
[Result "0-1"]
[WhiteElo "2322"]
[BlackElo "2419"]

1.d4 Nf6 2.c4 g6 3.Nc3 Bg7 4.e4 d6 5.Be2 O-O 6.Nf3 e5 7.Be3 Ng4 8.Bg5 f6
9.Bc1 Nh6 10.h3 Nc6 11.d5 Ne7 12.h4 Nf7 13.h5 f5 14.Ng5 Nxg5 15.Bxg5 Bf6
16.Bxf6 Rxf6 17.hxg6 Nxg6 18.g3 Qe7 19.exf5 Bxf5 20.Bg4 e4 21.Bxf5 Rxf5 22.Qg4 Rg5
23.Qe2 e3 24.O-O-O exf2 25.Qxe7 Nxe7 26.Ne4 Rg6 27.Rdf1 Rf8 28.b3 Rg4 29.Nxf2 Rxg3
30.Ne4 Rxf1+ 31.Rxf1 Rg2 32.Nf6+ Kh8 33.Rh1 h6 34.Ne8 Nf5 35.Nxc7 Rxa2 36.Rh5 Rf2
37.Ne8 Kg8 38.Rh1 Kf7 39.Re1 h5 40.Re6 h4 41.Nf6 Nd4 42.Rxd6 Rxf6 43.Rd7+ Kg6  0-1

[Event "Baden Challenge III"]
[Site "Neuhausen GER"]
[Date "2007.06.06"]
[Round "3"]
[White "Bogner,S"]
[Black "Mutschnik,I"]
[Result "1/2-1/2"]
[WhiteElo "2345"]
[BlackElo "2445"]

1.Nf3 Nf6 2.c4 g6 3.Nc3 Bg7 4.e4 d6 5.d4 O-O 6.Be2 e5 7.Be3 Ng4 8.Bg5 f6
9.Bc1 Nc6 10.d5 Nb8 11.h3 Nh6 12.h4 a5 13.h5 g5 14.Nd2 f5 15.exf5 Nxf5 16.Nde4 h6
17.Bg4 Na6 18.Rb1 Nd4 19.O-O Bd7 20.Be3 Qc8 21.Bxd7 Qxd7 22.a3 g4 23.Ng3 Nc5
24.b4 axb4 25.axb4 Na4 26.Nxa4 Rxa4 27.Bxd4 exd4 28.Ne2 Ra2 29.Nxd4 g3 30.Ne6 gxf2+
31.Kh1 Rf5 32.g4 Rf7 33.Kg2 Qe7 34.Rb3 Ra1 35.Qd3 Qf6 36.Ra3 Rxa3 37.Qxa3 Qe5
38.Qd3 Qe1 39.b5 b6 40.g5 Qe5 41.gxh6 Qxh5 42.hxg7 Qg4+ 43.Qg3 Qxc4 44.Qg5 Qe4+
45.Kh2 Qh7+ 46.Kg3 Qd3+ 47.Kh4 Qe4+ 48.Qg4 Qd3 49.Qh5 Qc4+ 50.Kg3 Rxg7+ 51.Nxg7  1/2-1/2

[Event "1st Alushta Summer"]
[Site "Alushta UKR"]
[Date "2007.06.07"]
[Round "7"]
[White "Shtyrenkov,V"]
[Black "Annaberdiev,M"]
[Result "0-1"]
[WhiteElo "2435"]
[BlackElo "2447"]

1.d4 Nf6 2.c4 g6 3.Nc3 Bg7 4.Nf3 d6 5.e4 O-O 6.Be2 e5 7.Be3 Na6 8.O-O c6
9.dxe5 dxe5 10.Qxd8 Rxd8 11.Rfd1 Re8 12.h3 Bf8 13.a3 Nc5 14.Nd2 Ne6 15.b4 Nd4
16.Bd3 Be6 17.Ne2 Nxe2+ 18.Bxe2 a5 19.c5 Red8 20.f3 Nh5 21.Kh2 Nf4 22.Bf1 Nd3
23.Nb1 Nxb4 24.Rxd8 Rxd8 25.axb4 Rd1 26.Be2 Re1 27.Bd2 Rxe2 28.Rxa5 Bc4 29.Ra8 Kg7
30.Bc3 Be7 31.Bxe5+ Bf6 32.Bxf6+ Kxf6 33.Rb8 Rb2 34.Na3 Bf1 35.Rxb7 Rxg2+
36.Kh1 Ra2 37.Ra7 Bg2+ 38.Kg1 Bxh3 39.b5 cxb5 40.Nxb5 Rg2+ 41.Kh1 Rc2 42.Nd6 Be6
43.f4 Kg7 44.Rc7 Rf2 45.f5 gxf5 46.Kg1 Re2 47.Nxf5+ Kf6  0-1

[Event "German Int ch-Youth"]
[Site "Neuhausen GER"]
[Date "2007.06.07"]
[Round "4"]
[White "Mader,Ma"]
[Black "Huschenbeth,N"]
[Result "0-1"]
[WhiteElo "2223"]
[BlackElo "2279"]

1.d4 Nf6 2.c4 g6 3.Nc3 Bg7 4.e4 d6 5.Nf3 O-O 6.Be2 e5 7.Be3 Ng4 8.Bg5 f6
9.Bc1 exd4 10.Nxd4 f5 11.h3 Ne5 12.exf5 gxf5 13.Nd5 Nbc6 14.Nb5 Rf7 15.h4 Be6
16.Bg5 Qc8 17.Qd2 a6 18.Nbc3 Qd7 19.O-O-O Na5 20.Qf4 b5 21.c5 Nac4 22.Bh5 b4
23.c6 Qxc6 24.Bxf7+ Kxf7 25.Ne7 Qd7 26.b3 bxc3 27.bxc4 Qa4 28.Rd4 Qxa2 29.Kd1 Rb8
30.Rd2 Rb1+ 31.Ke2 Bxc4+  0-1

[Event "ch-Skopje"]
[Site "Skopje MKD"]
[Date "2007.06.07"]
[Round "9"]
[White "Andonovski,L"]
[Black "Kacakovski,D"]
[Result "1-0"]
[WhiteElo "2322"]
[BlackElo "2203"]

1.d4 Nf6 2.c4 g6 3.Nc3 Bg7 4.e4 d6 5.Nf3 O-O 6.Be2 e5 7.Be3 Ng4 8.Bg5 f6
9.Bc1 Nc6 10.d5 Ne7 11.h3 Nh6 12.h4 c6 13.h5 g5 14.Nh2 a6 15.O-O Nf7 16.g4 b5
17.b3 Bd7 18.Bd3 cxd5 19.cxd5 b4 20.Na4 f5 21.Bd2 Bb5 22.Bxb4 fxe4 23.Bxe4 Rb8
24.Bd2 a5 25.Re1 Kh8 26.Nf1 Bxf1 27.Rxf1 Ng8 28.Rc1 Nf6 29.Rc4 Nxe4 30.Rxe4 h6
31.Qe2 Rc8 32.Rc1 Rxc1+ 33.Bxc1 Qa8 34.Qd3 Nd8 35.Ba3 Nb7 36.Qe3 Rf4 37.Rxf4 gxf4
38.Qe4 Qe8 39.Nb6 Kg8 40.Qf5 Qb5 41.Qe6+ Kh7 42.Nc8 Qe2 43.Qf5+ Kh8 44.Ne7 Nd8
45.Kg2 e4 46.Ng6+ Kg8 47.Ne7+ Kh8 48.Qxf4 e3 49.Qf3 Qxa2 50.Qxe3 Qxa3 51.Qb6 Ne6
52.dxe6 Bf8 53.Ng6+ Kg8 54.Qb7  1-0

[Event "8th UKR Universiad"]
[Site "Evpatoria UKR"]
[Date "2007.06.08"]
[Round "3"]
[White "Vovk,Y"]
[Black "Areshchenko,A"]
[Result "1-0"]
[WhiteElo "2523"]
[BlackElo "2647"]

1.d4 Nf6 2.c4 g6 3.Nc3 Bg7 4.e4 d6 5.Nf3 O-O 6.Be2 Na6 7.O-O e5 8.Be3 h6
9.d5 Ng4 10.Bd2 f5 11.Ne1 Nf6 12.f3 fxe4 13.fxe4 Nc5 14.Bf3 a5 15.Qe2 Bd7
16.Nd3 b6 17.Nxc5 dxc5 18.Be3 Kh7 19.a4 h5 20.Bg5 Bh6 21.Qd2 Bxg5 22.Qxg5 Qe7
23.Rad1 Rf7 24.b3 Raf8 25.Be2 Kg7 26.Rf5 Qd6 27.Rf3 Nh7 28.Qg3 Rxf3 29.Bxf3 Kh6
30.Ne2 g5 31.Nc1 Rf4 32.Nd3 g4 33.Nxf4 exf4 34.Qe1 gxf3 35.e5 Qg6 36.Qd2 Ng5
37.e6 Be8 38.Qxf4 Qc2 39.Qd2 f2+ 40.Kf1 Qxb3 41.Rc1 Kg6 42.Qe2 h4 43.Kxf2 Qa3  1-0

[Event "5th V Nabokov Mem"]
[Site "Kyiv UKR"]
[Date "2007.06.10"]
[Round "9"]
[White "Diulger,A"]
[Black "Ogleznev,A"]
[Result "1-0"]
[WhiteElo "2364"]
[BlackElo "2270"]

1.d4 Nf6 2.c4 g6 3.Nc3 Bg7 4.e4 d6 5.Be2 O-O 6.Nf3 e5 7.d5 a5 8.Bg5 h6 9.Bh4 Na6
10.Nd2 Qe8 11.O-O Nh7 12.a3 Bd7 13.f3 h5 14.Bf2 Bh6 15.Rb1 Qe7 16.Qc2 a4
17.b4 axb3 18.Nxb3 b6 19.Nb5 f5 20.exf5 gxf5 21.a4 Kh8 22.a5 bxa5 23.Nxa5 Rg8
24.Kh1 Qg5 25.Rg1 h4 26.Nc6 Nf6 27.c5 Nh5 28.cxd6 Ng3+ 29.Bxg3 hxg3 30.Nxe5 Qh5
31.h3 Bxb5 32.Rxb5 cxd6 33.f4 Qe8 34.Qxf5 dxe5 35.Bd3 Rg7 36.fxe5 Qf7 37.Qe4 Qf4
38.d6 Qxe4 39.Bxe4 Rb8 40.Rxb8+ Nxb8 41.e6 Bg5 42.Ra1 Rg8 43.e7 Kg7 44.Bd5 Rh8
45.Rf1 Nd7 46.Rf3 Bh4 47.Rf7+ Kg6 48.Rf4 Rc8 49.e8=Q+  1-0

[Event "National Open"]
[Site "Las Vegas USA"]
[Date "2007.06.10"]
[Round "6"]
[White "Vigorito,D"]
[Black "Wolfley,L"]
[Result "1-0"]
[WhiteElo "2358"]
[BlackElo "2133"]

1.d4 Nf6 2.c4 g6 3.Nc3 Bg7 4.e4 d6 5.Nf3 O-O 6.Be2 Na6 7.O-O e5 8.Be3 Ng4
9.Bg5 Qe8 10.c5 exd4 11.Nd5 Qxe4 12.Ne7+ Kh8 13.cxd6 Nc5 14.Bb5 Qe6 15.dxc7 f6
16.Re1 Ne4 17.Nxc8 Ngxf2 18.Qxd4 fxg5 19.Qxf2 g4 20.Ng5 Qxc8 21.Nf7+ Kg8
22.Rxe4 Qxc7 23.Bc4 b5 24.Bd5 Rac8 25.Rf1  1-0

[Event "German Int ch-Youth"]
[Site "Neuhausen GER"]
[Date "2007.06.10"]
[Round "9"]
[White "Moranda,W"]
[Black "Hirneise,T"]
[Result "1-0"]
[WhiteElo "2473"]
[BlackElo "2307"]

1.d4 Nf6 2.c4 g6 3.Nc3 Bg7 4.e4 d6 5.Nf3 O-O 6.Be2 e5 7.Be3 Ng4 8.Bg5 f6
9.Bh4 g5 10.Bg3 Nh6 11.d5 f5 12.exf5 g4 13.Nd2 Bxf5 14.Nf1 Nd7 15.Ne3 Qg5
16.O-O Nf6 17.c5 Bd7 18.Qb3 b6 19.cxd6 cxd6 20.Qb4 Nf7 21.f4 gxf3 22.Rxf3 a5
23.Qh4 Qg6 24.Raf1 Ng5 25.R3f2 h5 26.Nf5 Bxf5 27.Rxf5 Bh6 28.Bd3 Qg7 29.Kh1 Kh8
30.Be1 Rf7 31.Nb5 Rd8 32.Bd2 Ngh7 33.Bxh6 Qxh6 34.R5f2 Ng5 35.Rf5 Ngh7 36.R5f2 Ng5
37.Nc7 Rg8 38.Ne6 e4 39.Be2 Ngh7 40.Rf4 Qg6 41.g3 e3 42.Rf5 Rc8 43.Qd4  1-0

[Event "Atlantis Meestertienkamp"]
[Site "Groningen NED"]
[Date "2007.06.12"]
[Round "3"]
[White "Van Beek,Al"]
[Black "Bojkov,D"]
[Result "0-1"]
[WhiteElo "2386"]
[BlackElo "2487"]

1.Nf3 Nf6 2.c4 g6 3.Nc3 Bg7 4.e4 d6 5.d4 O-O 6.Be2 Na6 7.O-O e5 8.Be3 Ng4
9.Bg5 Qe8 10.c5 h6 11.Bh4 exd4 12.Nxd4 dxc5 13.Nb3 Ne5 14.Bxa6 bxa6 15.Nd5 Rb8
16.Nf6+ Bxf6 17.Bxf6 Rb6 18.Bh4 c4 19.Nd2 Qd7 20.Qc2 Qd4 21.Rab1 Bg4 22.Bg3 Re8
23.Rfc1 Nd3 24.Rf1 Rxb2 25.Qxc4 Qxc4 26.Nxc4 Rxa2 27.f3 Be6 28.Ne5 Nxe5 29.Bxe5 Bc4
30.Rfc1 Rxe5 31.Rxc4 Rb5 32.Rcb4 Rb6 33.h4 a5 34.Rb5 a4  0-1

[Event "Atlantis Meestertienkamp"]
[Site "Groningen NED"]
[Date "2007.06.12"]
[Round "3"]
[White "Clemens,A"]
[Black "Kodentsov,G"]
[Result "0-1"]
[WhiteElo "2327"]
[BlackElo "2295"]

1.d4 Nf6 2.c4 g6 3.Nc3 Bg7 4.e4 d6 5.Nf3 O-O 6.Be2 e5 7.Be3 Ng4 8.Bg5 f6
9.Bc1 exd4 10.Nxd4 f5 11.h3 Ne5 12.exf5 gxf5 13.Nd5 Ng6 14.O-O Nc6 15.Nb5 Rf7
16.Bh5 a6 17.Nbc3 Qh4 18.Re1 Bd7 19.Nxc7 Raf8 20.f4 Bd4+ 21.Kh1 Rg7 22.Rf1 Qd8
23.Bxg6 Rxg6 24.N7d5 Qh4 25.Ne2 Kf7 26.Be3 Rfg8 27.Bxd4 Rxg2 28.Rf3 Nxd4
29.Qxd4 Rxe2 30.Nc3 Bc6 31.Nd5 Rgg2 32.Rd1 Rh2+ 33.Kg1 Rxh3  0-1

[Event "11th Master Open"]
[Site "Voronezh RUS"]
[Date "2007.06.13"]
[Round "2"]
[White "Loginov,An"]
[Black "Kokarev,Dm"]
[Result "0-1"]
[WhiteElo "2238"]
[BlackElo "2546"]

1.d4 Nf6 2.c4 g6 3.Nc3 Bg7 4.e4 O-O 5.Be2 d6 6.Nf3 e5 7.O-O exd4 8.Nxd4 Re8
9.f3 c6 10.Nc2 Na6 11.Rb1 d5 12.cxd5 cxd5 13.exd5 Bf5 14.Ra1 Qb6+ 15.Kh1 Rad8
16.Bc4 Nc7 17.Na3 Ncxd5 18.Na4 Ne3 19.Bxe3 Qxe3 20.Qb3 Qxb3 21.Bxb3 Nd5 22.Rfe1 Nc7
23.Nc3 Kf8 24.Nc4 Rxe1+ 25.Rxe1 b5 26.Ne3 Bc8 27.Rd1 Rxd1+ 28.Ncxd1 Ke7 29.Kg1 Ne6
30.Nc3 Nd4 31.Bd1 Be6 32.Kf2 Kd6 33.Ne4+ Kc6 34.b3 f5 35.Nd2 Kc5 36.f4 Kb4
37.Nb1 a5 38.a3+ Kc5 39.Nd2 Nc6 40.Ke2 Bc8 41.Nf3 Nd4+ 42.Kd3 Nxf3 43.Bxf3 Be6
44.Bd1 Bb2 45.a4 bxa4 46.bxa4 Bc1 47.g3 Bxe3 48.Kxe3 Kb4  0-1

[Event "11th Master Open"]
[Site "Voronezh RUS"]
[Date "2007.06.14"]
[Round "3"]
[White "Chuprikov,D"]
[Black "Semenova,Ir"]
[Result "1/2-1/2"]
[WhiteElo "2394"]
[BlackElo "2212"]

1.d4 Nf6 2.c4 g6 3.Nc3 Bg7 4.e4 O-O 5.Nf3 d6 6.Be2 e5 7.Be3 c6 8.d5 cxd5
9.cxd5 Ng4 10.Bd2 Qe7 11.O-O Na6 12.Ne1 h5 13.f3 Nh6 14.Bxa6 bxa6 15.Nd3 f5
16.Nb4 f4 17.Nc6 Qf6 18.Kh1 g5 19.Ne2 g4 20.Ng1 g3 21.h3 Ng4 22.Qe2 Nf2+
23.Rxf2 gxf2 24.Qxf2 Rf7 25.Rc1 Bf8 26.Rc2 Rg7 27.Be1 Bd7 28.Qf1 Bc8 29.Ne2 Bb7
30.Nc1 Be7 31.Nb3 Bd8 32.Nba5 Bxa5 33.Nxa5 Rc8 34.Bc3 Qe7 35.Qf2 Qd8 36.Nxb7 Rxb7
37.Kh2 Rg7 38.a3 Kh7 39.Kh1 Qe7 40.Kh2 Qb7 41.Qh4 Qf7 42.Qf2 Qb7 43.Qh4  1/2-1/2

[Event "III Perla Baltyku A"]
[Site "Mielno POL"]
[Date "2007.06.18"]
[Round "1"]
[White "Shishkin,Va UKR"]
[Black "Kanarek,M"]
[Result "0-1"]
[WhiteElo "2515"]
[BlackElo "2225"]

1.d4 Nf6 2.c4 g6 3.Nc3 Bg7 4.e4 O-O 5.Nf3 d6 6.Be2 e5 7.Be3 exd4 8.Nxd4 Re8
9.f3 c6 10.Bf2 d5 11.exd5 cxd5 12.O-O Nc6 13.c5 Nh5 14.g3 Be5 15.Qd2 Bh3
16.Rfe1 Ng7 17.Rad1 Nxd4 18.Bxd4 Bxd4+ 19.Qxd4 Nf5 20.Qf2 d4 21.Nb5 Qa5 22.a3 Ne3
23.Rc1 Qd2 24.Nc7 Nc2 25.Red1 Qxe2 26.Nxa8 d3 27.Rd2 Nd4 28.Kh1 Qxf2 29.Rxf2 Nb3
30.Rg1 Rxa8 31.f4 Rd8 32.g4 d2  0-1

[Event "III EUICC"]
[Site "Arvier ITA"]
[Date "2007.06.20"]
[Round "6"]
[White "Vezzosi,P"]
[Black "Raineri,V"]
[Result "1-0"]
[WhiteElo "2287"]
[BlackElo "2123"]

1.d4 Nf6 2.c4 g6 3.Nc3 Bg7 4.e4 d6 5.Be2 O-O 6.Be3 e5 7.Nf3 h6 8.dxe5 dxe5
9.Qc2 Nfd7 10.Rd1 c6 11.O-O Qe7 12.Na4 Na6 13.c5 Nc7 14.Rd6 Ne8 15.Rdd1 f5
16.b4 f4 17.Bc1 g5 18.Nd2 Ndf6 19.Bb2 g4 20.Qc3 Nh7 21.Rfe1 Ng5 22.f3 g3
23.hxg3 fxg3 24.Nf1 Ne6 25.Bc4 Qh4 26.Qb3 Nc7 27.Nc3 Kh8 28.Ne2 Bf6 29.Rd6 Re8
30.Nfxg3 Rg8 31.Kf2 Nd4 32.Bxd4 Rxg3 33.Nxg3 exd4 34.Rh1 Qf4 35.Ne2 Qg5 36.f4 Qg6
37.e5 Ne8 38.Bf7  1-0